000 00582nam a2200205Ia 4500
003 GCL
008 140319s9999 xx 000 0 ara d
040 _aGCL /
_cGCL
082 0 4 _a219.3
_bم ا
100 1 _aمحمد عمارة
245 1 0 _aالاسلام والعروبة /
_cمحمد عمارة
260 _a[S.N] :
_bدار الشروق ،
_c1988
300 _a266 ص
490 _a
650 0 4 _aالاسلام
650 0 4 _aالوحدة العربية
650 0 4 _aالحضارة الاسلامية
650 0 4 _aالوحدة الاسلامية
942 _2ddc
_cBK
999 _c30572
_d30572